书目信息 |
| 题名: |
怎样写记叙文
|
|
| 作者: | 叶苍岑 主编 | |
| 分册: | ||
| 出版信息: | 北京 学苑出版社 1995.05 |
|
| 页数: | 163页 | |
| 开本: | 32开 | |
| 丛书名: | ||
| 单 册: | ||
| 中图分类: | H152.1 | |
| 科图分类: | ||
| 主题词: | 汉语--写作 , 汉语--修辞 | |
| 电子资源: | ||
| ISBN: | 7-5077-0075-5 | |
| 000 | 00568nam0 2200205 45 | |
| 001 | 0010060866 | |
| 005 | 20001006084319.9 | |
| 010 | @a7-5077-0075-5@d6.00元 | |
| 100 | @a20001006d1995 km y0chiy0120 ea | |
| 101 | 0 | @achi |
| 105 | @a z 000yy | |
| 200 | 1 | @a怎样写记叙文@AZen Yang Xie Ji Xu Wen@f叶苍岑 主编@FYe Cang Cen Zhu Bian |
| 210 | @a北京@c学苑出版社@d1995.05 | |
| 215 | @a163页@d32开 | |
| 606 | 0 | @a汉语@x写作 |
| 606 | 0 | @a汉语@x修辞 |
| 690 | @aH152.1@v3 | |
| 701 | 0 | @a叶苍岑@4主编 |
| 801 | @aCN@bPftUser@c20001006 | |
| 905 | @b167164-165@dH152.1@eY081@f2 | |
| 怎样写记叙文/叶苍岑 主编.-北京:学苑出版社,1995.05 |
| 163页;32开 |
| ISBN 7-5077-0075-5:6.00元 |
| ● |
| 相关链接 |
|
|
|
正题名:怎样写记叙文
索取号:H152.1/Y081
 
预约/预借
| 序号 | 登录号 | 条形码 | 馆藏地/架位号 | 状态 | 备注 |
| 1 | 167164 | 201671645 | 语言库209/209语言库 74排2列4层/ [索取号:H152.1/Y081] | 在馆 | |
| 2 | 167165 | 201671654 | 语言库209/209语言库 74排2列4层/ [索取号:H152.1/Y081] | 在馆 |